Storia de la della letteratura cristiana antica /
Guardado en:
| Autor Principal: | |
|---|---|
| Otros Autores: | |
| Formato: | Libro |
| Publicado: |
Bologna :
Edb,
2010
|
| Materias: | |
| Etiquetas: |
Agregar Etiqueta
Sin Etiquetas, Sea el primero en etiquetar este registro!
|
| LEADER | 00595nam a22001935a 4500 | ||
|---|---|---|---|
| 001 | EHU.bham041713 | ||
| 003 | AR-BHAM | ||
| 005 | 20120903103513.0 | ||
| 008 | 130507s2010##################000#0#####d | ||
| 020 | |a 9788810453032 | ||
| 082 | 8 | 7 | |a 878.09 |
| 100 | 1 | |a Simonetti, Manlio | |
| 245 | 1 | 0 | |a Storia de la della letteratura cristiana antica / |c Manlio Simonetti, Emanuela Prinzivalli |
| 260 | |a Bologna : |b Edb, |c 2010 | ||
| 300 | |a 646 p. | ||
| 653 | |a Literatura cristiana | ||
| 653 | |a Cristianismo | ||
| 700 | 1 | |a Prinzivalli, Emanuela | |
| 859 | |a AR-BHAM |b BIB. HUMANIDADES - General |h 878.09 |i Si42 |p 168.12 |t Ej.1 | ||
